[Event "Steinfurt Bezirksklasse 0304"]
[Site "Germany"]
[Date "2004.02.28"]
[Round "7.1"]
[White "Loebbel, Timo"]
[Black "Gildehaus, Simon"]
[Result "0-1"]
[WhiteElo "1518"]
[BlackElo "1521"]
[PlyCount "76"]
[EventDate "2003.09.27"]
[EventType "team-tourn"]
[EventRounds "11"]
[EventCountry "GER"]
[SourceTitle "EXT 2005"]
[Source "ChessBase"]
[SourceDate "2004.11.15"]
[SourceVersion "1"]
[SourceVersionDate "2004.11.15"]
[SourceQuality "1"]
[WhiteTeam "Emsdetten Rochade IV"]
[BlackTeam "Saerbeck Falke III"]
[WhiteTeamCountry "GER"]
[BlackTeamCountry "GER"]

1. d4 d5 2. c4 e6 3. e3 Nf6 4. Nc3 b6 5. Nf3 Bb7 6. Bd2 Nbd7 7. Be2 Be7 8. a3 c5 9. 0-0 0-0 10. cxd5 Nxd5 11. Rc1 Rc8 12. Bb5 cxd4 13. Nxd4 Nc5 14. b4 Nxc3 15. Bxc3 Ne4 16. Bb2 Qd5 17. f3 Nd6 18. Be2 Qg5 19. Qd2 Bd5 20. Rxc8 Rxc8 21. Bc1 Qg6 22. Bd3 Qh5 23. Ba6 Rc7 24. Nb5 Nxb5 25. Bxb5 Bxf3 26. Rxf3 Qxb5 27. Bb2 f6 28. Rf4 e5 29. Rf1 Qd7 30. Qe2 Qc8 31. Rf2 a5 32. bxa5 bxa5 33. a4 Bb4 34. Qb5 Rd7 35. Qe2 Qd8 36. Qc4+ Kh8 37. Rf1 h6 38. Bc3 Rc7 0-1

[Event "Steinfurt Bezirksklasse 0304"]
[Site "Germany"]
[Date "2004.02.07"]
[Round "6.1"]
[White "Koelking, Helmut"]
[Black "Loebbel, Timo"]
[Result "1/2-1/2"]
[WhiteElo "1398"]
[BlackElo "1518"]
[PlyCount "47"]
[EventDate "2003.09.27"]
[EventType "team-tourn"]
[EventRounds "11"]
[EventCountry "GER"]
[SourceTitle "EXT 2005"]
[Source "ChessBase"]
[SourceDate "2004.11.15"]
[SourceVersion "1"]
[SourceVersionDate "2004.11.15"]
[SourceQuality "1"]
[WhiteTeam "Steinfurt III"]
[BlackTeam "Emsdetten Rochade IV"]
[WhiteTeamCountry "GER"]
[BlackTeamCountry "GER"]

1. Nf3 g6 2. d4 Bg7 3. g3 d5 4. Bg2 Nf6 5. Nbd2 c6 6. 0-0 0-0 7. c4 Bg4 8. b3 Re8 9. Bb2 Nbd7 10. Re1 dxc4 11. bxc4 Nb6 12. Qb3 Qc7 13. Rac1 Rad8 14. e4 c5 15. d5 Nfd7 16. Bxg7 Kxg7 17. e5 Nc8 18. e6 fxe6 19. dxe6 Nf6 20. Qc3 Kg8 21. Ne5 Bf5 22. Ndf3 Nd6 23. Ng5 Kg7 24. Nef7 1/2-1/2

[Event "Steinfurt Kreisklasse 0203"]
[Site "Germany"]
[Date "2003.03.29"]
[Round "8.1"]
[White "Hooft, Rudolf"]
[Black "Loebbel, Timo"]
[Result "1-0"]
[WhiteElo "1384"]
[BlackElo "1461"]
[PlyCount "55"]
[EventDate "2002.09.21"]
[EventType "team-tourn"]
[EventRounds "10"]
[EventCountry "GER"]
[SourceTitle "EXT 2005"]
[Source "ChessBase"]
[SourceDate "2004.11.15"]
[SourceVersion "1"]
[SourceVersionDate "2004.11.15"]
[SourceQuality "1"]
[WhiteTeam "Rheine SG II"]
[BlackTeam "Emsdetten Rochade IV"]
[WhiteTeamCountry "GER"]
[BlackTeamCountry "GER"]

1. e4 e5 2. Nf3 Nf6 3. Bc4 Nc6 4. Ng5 d5 5. exd5 Na5 6. Bb5+ c6 7. dxc6 bxc6 8. Be2 Qd5 9. Bf3 e4 10. Nxe4 Nxe4 11. Qe2 Bf5 12. d3 Qe6 13. dxe4 Bg6 14. 0-0 Bc5 15. c3 Nc4 16. Bf4 Ne5 17. Bxe5 Qxe5 18. Nd2 Bd6 19. g3 Qe6 20. Rfe1 0-0 21. Nc4 Bc7 22. Rad1 Rfe8 23. a3 Rab8 24. b4 f6 25. Rd4 Bf7 26. Bg4 Qe7 27. Rd7 Bxc4 28. Qxc4+ 1-0